000 00833nam a2200253 i 4500
001 59104
003 ES-MaACL
005 20230906163951.0
007 t|
008 031027s1973 sp |||| | spa d
100 1 _aEichler, Friedrich.
_946810
245 1 0 _aPatología de la construcción
_b: detalles constructivos /
_cFriedrich Eichler ; versión Adrián Margarit y José Fabregat.
250 _a1ª ed.
260 _aBarcelona :
_bBlume,
_c1973.
300 _a403 p. :
_bil. ;
_c29 cm.
490 1 _aBiblioteca técnica de la construcción
650 4 _aConstrucción-
_xFallos.
_9144228
700 1 _aMargarit, Adrian.
_976617
700 1 _aFabregat, José.
_948566
830 0 _aBiblioteca técnica de la construcción
_9182987
852 _aES-MaACL
_jC-54622
852 _aES-MaACL
_jC-55410
999 _c59104
_d59104